[Event "Cherry Blossom op"]
[Site "Dulles USA"]
[Date "2023.05.28"]
[Round "7"]
[White "Plotkin, Mark"]
[Black "Adu, Oladapo"]
[Result "1-0"]
[WhiteElo "2341"]
[BlackElo "2081"]
[PlyCount "89"]
[EventDate "2023.05.24"]
[EventType "swiss"]
[EventRounds "9"]
[EventCountry "USA"]
[Source "ChessMix"]
[SourceDate "2023.06.01"]

1. d4 d5 2. Nf3 e6 3. Bf4 c5 4. e3 Nf6 5. c3 Bd6 6. Bb5+ Ke7 7. dxc5 Bxc5 8.
O-O Qb6 9. Qe2 Rd8 10. a4 a6 11. Bd3 Bd6 12. Bg5 Qc7 13. Nbd2 h6 14. Bxf6+ Kxf6
15. e4 dxe4 16. Qxe4 g6 17. Rad1 Nc6 18. Rfe1 Kg7 19. Nc4 Rb8 20. a5 e5 21. Qe2
Bg4 22. Ne3 Bxf3 23. Qxf3 Qxa5 24. b4 e4 25. Bxe4 Qe5 26. g3 Qxc3 27. Nf5+ gxf5
28. Qxc3+ Be5 29. Qf3 fxe4 30. Qg4+ Kf8 31. Qxe4 Bc3 32. Rxd8+ Rxd8 33. Rc1 Rd4
34. Qh7 Bxb4 35. Qxh6+ Kg8 36. Qg5+ Kf8 37. Qf6 Rd6 38. Qh8+ Ke7 39. Qc8 Rd7
40. h4 Bd2 41. Rd1 Ne5 42. Kg2 b5 43. Qxa6 b4 44. Qb5 f6 45. h5 1-0

[Event "Ivy League Challenge"]
[Site "Toronto CAN"]
[Date "2023.03.24"]
[Round "1"]
[White "Tang, Andrew"]
[Black "Plotkin, Mark"]
[Result "1-0"]
[WhiteElo "2522"]
[BlackElo "2365"]
[PlyCount "111"]
[EventDate "2023.03.24"]
[EventType "team"]
[EventRounds "5"]
[EventCountry "CAN"]
[Source "ChessMix"]
[SourceDate "2023.04.01"]
[WhiteTeam "Princeton University"]
[BlackTeam "University of Toronto - B"]

1. d4 Nf6 2. Nf3 g6 3. Nbd2 Bg7 4. e4 d6 5. Bd3 O-O 6. O-O Nc6 7. Re1 e5 8.
dxe5 Nxe5 9. Nxe5 dxe5 10. Nf3 Qe7 11. h3 Bd7 12. Qd2 Nh5 13. Qc3 c5 14. Bg5 f6
15. Be3 b6 16. a4 Nf4 17. Bxf4 exf4 18. Bc4+ Kh8 19. Bd5 Rad8 20. Qb3 g5 21. c4
Rb8 22. Re2 f5 23. Rae1 fxe4 24. Rxe4 Qf6 25. Re7 Rbd8 26. Ne5 Qxe7 27. Ng6+
hxg6 28. Rxe7 Bf6 29. Re4 Bf5 30. Re2 Rfe8 31. Qf3 Kg7 32. Kf1 Bd4 33. Bc6 Rxe2
34. Qxe2 Bf6 35. Bd5 Rd7 36. Qe8 Bxb2 37. Kg1 Bf6 38. Kh2 Bd4 39. g4 fxg3+ 40.
fxg3 g4 41. hxg4 Bxg4 42. Bf3 Bxf3 43. Qxd7+ Kh6 44. Qh3+ Kg7 45. Qd7+ Kh6 46.
Qxa7 Bd1 47. Kg2 Kg5 48. Qa6 Bc2 49. Kf3 Kf5 50. Ke2 g5 51. Kd2 Bb3 52. Qb5 Ba2
53. Qd7+ Kg6 54. g4 Bb1 55. Qe6+ Kg7 56. Qxb6 1-0

[Event "Excelsior March op"]
[Site "Toronto CAN"]
[Date "2023.03.10"]
[Round "1.4"]
[White "Huh, Isaak"]
[Black "Plotkin, Mark"]
[Result "0-1"]
[WhiteElo "1801"]
[BlackElo "2365"]
[PlyCount "150"]
[EventDate "2023.03.19"]
[EventType "swiss"]
[EventRounds "5"]
[EventCountry "CAN"]

1. e4 c5 2. Nf3 Nc6 3. Bb5 e5 4. O-O Bd6 5. d3 Nge7 6. Re1 O-O 7. Nbd2 Bc7 8.
c3 a6 9. Ba4 f5 10. Nf1 f4 11. Bb3+ Kh8 12. a3 Qe8 13. Bc2 d6 14. d4 cxd4 15.
cxd4 Bg4 16. d5 Nd4 17. N1d2 Qg6 18. Kh1 Nxd5 19. h3 Bh5 20. Bd3 Ba5 21. Be2
Nxe2 22. Qxe2 Nf6 23. b4 Bc7 24. Bb2 Rae8 25. Rac1 Bb8 26. a4 d5 27. Qd3 dxe4
28. Nxe4 Rd8 29. Qc2 Nxe4 30. Qxe4 Qxe4 31. Rxe4 Bg6 32. Rec4 Bd3 33. Rc5 e4
34. Ng5 e3 35. Ne6 exf2 36. Bxg7+ Kg8 37. Bxf8 Re8 38. Rg5+ Kf7 39. Bc5 f1=Q+
40. Rxf1 Bxf1 41. Nd4 Kf6 42. Rd5 Bc4 43. Rf5+ Kg6 44. Rf8 Re1+ 45. Kh2 f3+ 46.
g3 Bd5 47. Nxf3 Re2+ 48. Kg1 Bxg3 49. Nd4 Rg2+ 50. Kf1 Ra2 51. a5 Bc4+ 52. Kg1
Bh2+ 53. Kh1 Bd5+ 54. Nf3 Be5 55. Kg1 Bf6 56. Ne1 Be6 57. Nd3 Kg7 58. Re8 Bxh3
59. Nf4 Bg4 60. Nd5 Bg5 61. Ne3 Bf3 62. Nf5+ Kg6 63. Ne3 Bh4 64. Rg8+ Kh5 65.
Rf8 Ra1+ 66. Nf1 Be2 67. Rf7 Kg4 68. Kg2 Bxf1+ 69. Rxf1 Rxf1 70. Kxf1 Kf3 71.
Kg1 Bg3 72. Kf1 h5 73. Kg1 h4 74. Kf1 h3 75. Kg1 Ke4 0-1

[Event "Excelsior March op"]
[Site "Toronto CAN"]
[Date "2023.03.11"]
[Round "2.6"]
[White "Plotkin, Mark"]
[Black "Laughlin, Braden"]
[Result "1/2-1/2"]
[WhiteElo "2365"]
[BlackElo "1664"]
[PlyCount "139"]
[EventDate "2023.03.19"]
[EventType "swiss"]
[EventRounds "5"]
[EventCountry "CAN"]

1. c4 c6 2. Nf3 d5 3. e3 Nf6 4. Nc3 e6 5. Qc2 Bd6 6. b3 O-O 7. Bb2 e5 8. cxd5
cxd5 9. Nb5 Nc6 10. Nxd6 Qxd6 11. d4 Ne4 12. dxe5 Qb4+ 13. Nd2 Bf5 14. a3 Qxd2+
15. Qxd2 Nxd2 16. Kxd2 Na5 17. Rd1 Nxb3+ 18. Ke1 Be6 19. Bd3 Rfc8 20. Bb1 Nc5
21. Ke2 Na4 22. Bd4 Nc3+ 23. Bxc3 Rxc3 24. Rd3 Rac8 25. Kd2 R3c5 26. Rd4 Rc3
27. Rd3 R3c5 28. Rb3 b6 29. f4 g6 30. Bd3 Kf8 31. Ra1 R8c7 32. a4 d4 33. exd4
Bxb3 34. dxc5 Rxc5 35. g4 Ke7 36. Ra3 Bd5 37. Ke3 Bc6 38. h4 h6 39. Bb5 Bxb5
40. axb5 Rxb5 41. Rxa7+ Ke6 42. Ra4 Rb1 43. Rd4 b5 44. Rd6+ Ke7 45. f5 Re1+ 46.
Kf4 Rf1+ 47. Ke4 Re1+ 48. Kd5 gxf5 49. gxf5 Rd1+ 50. Kc6 Rc1+ 51. Kxb5 Re1 52.
f6+ Ke8 53. Rd5 Rh1 54. Rd4 Re1 55. Rd5 Rh1 56. Kc6 Rxh4 57. Ra5 Rc4+ 58. Kd5
Rc1 59. Ra8+ Kd7 60. Ra7+ Ke8 61. Ra8+ Kd7 62. Rf8 Rd1+ 63. Kc4 Ke6 64. Re8+
Kf5 65. Re7 Kg6 66. Kc5 h5 67. Re8 h4 68. Rh8 Kf5 69. Rxh4 Kxe5 70. Rh5+
1/2-1/2

[Event "Excelsior March op"]
[Site "Toronto CAN"]
[Date "2023.03.11"]
[Round "3.7"]
[White "Bhat, Vaibhav"]
[Black "Plotkin, Mark"]
[Result "1/2-1/2"]
[WhiteElo "2008"]
[BlackElo "2365"]
[PlyCount "101"]
[EventDate "2023.03.19"]
[EventType "swiss"]
[EventRounds "5"]
[EventCountry "CAN"]

1. d4 Nf6 2. c4 g6 3. Nc3 Bg7 4. g3 O-O 5. Bg2 Nc6 6. Nf3 d5 7. cxd5 Nxd5 8.
O-O Nb6 9. d5 Na5 10. e4 c6 11. dxc6 Nxc6 12. Bf4 Be6 13. Qc1 Nc4 14. Bh6 N6e5
15. Bxg7 Nxf3+ 16. Bxf3 Kxg7 17. Rd1 Qa5 18. Nd5 Ne5 19. Be2 Rac8 20. Qe3 Rc2
21. Bd3 Nxd3 22. Rxd3 f6 23. b4 Qa4 24. Ra3 Qb5 25. Ra5 Qd7 26. Rxa7 Bxd5 27.
exd5 Qxd5 28. Qxe7+ Rf7 29. Qe3 Rfc7 30. Ra3 Qd6 31. Rd3 Qxb4 32. a3 Qb5 33.
Rad1 Qf5 34. Rd5 Qg4 35. R5d4 Qf5 36. Rd5 Qh3 37. Rd8 Rf7 38. Qe8 Qf5 39. Qe3
Rcc7 40. Re8 Rcd7 41. Rxd7 Qxd7 42. h4 Qd6 43. Re6 Qd5 44. Re7 h5 45. Rxf7+
Kxf7 46. Qb6 Ke7 47. Qc7+ Ke6 48. Qc8+ Ke5 49. Qe8+ Kf5 50. Qc8+ Ke5 51. Qe8+
1/2-1/2

[Event "Excelsior March op"]
[Site "Toronto CAN"]
[Date "2023.03.12"]
[Round "4.10"]
[White "Plotkin, Mark"]
[Black "Tan, Brendan"]
[Result "1-0"]
[WhiteElo "2365"]
[BlackElo "1540"]
[PlyCount "91"]
[EventDate "2023.03.19"]
[EventType "swiss"]
[EventRounds "5"]
[EventCountry "CAN"]

1. e4 d6 2. d4 Nf6 3. Nc3 g6 4. f4 Bg7 5. Nf3 c5 6. e5 Nfd7 7. exd6 exd6 8.
Qe2+ Kf8 9. Be3 Qb6 10. O-O-O Nc6 11. Qf2 Qa5 12. g4 b5 13. Bxb5 Nb4 14. a3
Na2+ 15. Nxa2 Qxb5 16. Nc3 Qb7 17. dxc5 Rb8 18. Bd4 Qxb2+ 19. Kd2 Nxc5 20. Rb1
Nb3+ 21. Ke1 Bxd4 22. Rxb2 Bxc3+ 23. Kd1 Bxb2 24. cxb3 Rxb3 25. Kc2 Rb6 26. Rb1
Bxa3 27. Rxb6 axb6 28. Qd4 Kg8 29. Ng5 Bxg4 30. Qd5 Kg7 31. Qxf7+ Kh6 32. Qf6
Rc8+ 33. Kb3 Rc5 34. Kxa3 Rf5 35. Qxd6 b5 36. Qc7 Rxg5 37. fxg5+ Kxg5 38. Qxh7
Bf5 39. h4+ Kg4 40. Qh6 Kf3 41. Kb4 Bd3 42. Kc3 Bf5 43. Kd4 Kg4 44. Ke3 b4 45.
Qg5+ Kh3 46. Kf3 1-0

[Event "Excelsior March op"]
[Site "Toronto CAN"]
[Date "2023.03.12"]
[Round "5.6"]
[White "Reshetniak, Vitaliy"]
[Black "Plotkin, Mark"]
[Result "1-0"]
[WhiteElo "1978"]
[BlackElo "2365"]
[PlyCount "99"]
[EventDate "2023.03.19"]
[EventType "swiss"]
[EventRounds "5"]
[EventCountry "CAN"]

1. d4 f5 2. Nc3 d5 3. Bf4 Nf6 4. e3 e6 5. Nf3 a6 6. Bd3 Bd6 7. Ne2 Nc6 8. a3
Ne4 9. c4 dxc4 10. Bxc4 g5 11. Bxd6 Nxd6 12. Ba2 Qf6 13. O-O Bd7 14. Rc1 O-O-O
15. Qc2 Nf7 16. d5 exd5 17. Bxd5 g4 18. Nfd4 Nfe5 19. Nxc6 bxc6 20. Nd4 Kb7 21.
Qb3+ Ka7 22. Be6 Rb8 23. Qc3 Rhd8 24. Bxd7 Rxd7 25. Nxc6+ Qxc6 26. Qxe5 Qb5 27.
Rxc7+ Rxc7 28. Qxc7+ Rb7 29. Qd6 Qxb2 30. Qc5+ Qb6 31. Qxf5 Qd6 32. Qxg4 Qxa3
33. Qd4+ Kb8 34. Ra1 Qb4 35. Qxb4 Rxb4 36. f4 Kb7 37. Kf2 h5 38. Kf3 Rb2 39. f5
h4 40. g3 Rxh2 41. gxh4 Rxh4 42. e4 Kb6 43. Ke3 a5 44. Kd4 Rh8 45. f6 Kc6 46.
Rxa5 Kd6 47. Ra6+ Kd7 48. Kd5 Rh1 49. Ra7+ Ke8 50. Ke6 1-0

[Event "Excelsior March Rapid"]
[Site "Toronto CAN"]
[Date "2023.03.18"]
[Round "1.6"]
[White "Plotkin, Mark"]
[Black "Ter-Mikaelian, Phil"]
[Result "1-0"]
[WhiteElo "2488"]
[BlackElo "1604"]
[PlyCount "26"]
[EventDate "2023.03.18"]
[EventType "swiss (rapid)"]
[EventRounds "5"]
[EventCountry "CAN"]

1. e4 c6 2. Nc3 d5 3. Qf3 d4 4. Bc4 Nf6 5. Nce2 e5 6. Ng3 Bg4 7. Qb3 Qc7 8. h3
Bh5 9. Nxh5 Nxh5 10. Nf3 Bd6 11. Ng5 O-O 12. Qf3 Nf6 13. d3 Nbd7 {DGT Problems}
1-0

[Event "Excelsior March Rapid"]
[Site "Toronto CAN"]
[Date "2023.03.18"]
[Round "2.5"]
[White "Zomorrodian, Eilia"]
[Black "Plotkin, Mark"]
[Result "0-1"]
[WhiteElo "2230"]
[BlackElo "2488"]
[PlyCount "138"]
[EventDate "2023.03.18"]
[EventType "swiss (rapid)"]
[EventRounds "5"]
[EventCountry "CAN"]

1. e4 e5 2. Bc4 Nc6 3. Nf3 d6 4. d3 Na5 5. Bd5 c6 6. Bxf7+ Kxf7 7. b4 Nf6 8.
O-O Be7 9. Ng5+ Ke8 10. bxa5 h6 11. Nf3 Qxa5 12. h3 g5 13. Nh2 Be6 14. Bd2 Qc7
15. Nc3 Kd7 16. Be3 Rag8 17. d4 Kc8 18. d5 Bd7 19. dxc6 Qxc6 20. Nd5 Nxd5 21.
exd5 Qa4 22. c4 Qxd1 23. Rfxd1 Ba4 24. Rdb1 b6 25. Rb4 Bc2 26. a4 Bd8 27. a5
bxa5 28. Rb2 Bd3 29. Bxa7 h5 30. Ra3 e4 31. Rb8+ Kd7 32. Bd4 Bc7 33. Rb2 Rh7
34. Nf1 Bxc4 35. Ne3 Bd3 36. Rb7 Ra8 37. Nf5 Kc8 38. Rb2 Rf7 39. g4 hxg4 40.
hxg4 a4 41. Rb4 Be2 42. Ne3 Bf3 43. Rbxa4 Rxa4 44. Rxa4 Rh7 45. Ng2 Bxg4 46.
Be3 Bf3 47. Ra8+ Kb7 48. Rg8 g4 49. Rg6 Rh5 50. Bg5 Ka6 51. Nh4 Kb5 52. Kh2 Kc4
53. Kg3 Kxd5 54. Rg7 Bb6 55. Ng6 Rh3+ 56. Kf4 Bxf2 57. Ne7+ Kc4 58. Nf5 d5 59.
Bf6 Bd1 60. Rc7+ Kd3 61. Rd7 Rf3+ 62. Kxg4 Bb3 63. Be5 Bc4 64. Rd8 Bc5 65. Rc8
Bb4 66. Rd8 Rf1 67. Bf4 Bd2 68. Be5 e3 69. Ng3 e2 0-1

[Event "Excelsior March Rapid"]
[Site "Toronto CAN"]
[Date "2023.03.18"]
[Round "3.5"]
[White "Plotkin, Mark"]
[Black "Zhao, Jeffrey R"]
[Result "1-0"]
[WhiteElo "2488"]
[BlackElo "2107"]
[PlyCount "51"]
[EventDate "2023.03.18"]
[EventType "swiss (rapid)"]
[EventRounds "5"]
[EventCountry "CAN"]

1. e4 c5 2. c3 Nf6 3. e5 Nd5 4. Nf3 e6 5. d4 cxd4 6. cxd4 d6 7. Bd2 Nc6 8. Nc3
Be7 9. exd6 Qxd6 10. Ne4 Qd8 11. a3 O-O 12. Bd3 b6 13. Rc1 Bb7 14. O-O Rc8 15.
Bb1 Re8 16. Nfg5 h6 17. Nxf7 Kxf7 18. Qh5+ Kf8 19. Bxh6 Nxd4 20. Rcd1 Nf6 21.
Qg6 gxh6 22. Qxh6+ Kg8 23. Ng5 Ne2+ 24. Kh1 Bxg2+ 25. Kxg2 Nf4+ 26. Kh1 1-0

[Event "Excelsior March Rapid"]
[Site "Toronto CAN"]
[Date "2023.03.18"]
[Round "4.2"]
[White "Noritsyn, Nikolay"]
[Black "Plotkin, Mark"]
[Result "1/2-1/2"]
[WhiteElo "2592"]
[BlackElo "2488"]
[PlyCount "117"]
[EventDate "2023.03.18"]
[EventType "swiss (rapid)"]
[EventRounds "5"]
[EventCountry "CAN"]

1. e4 e5 2. Nf3 Nc6 3. Bc4 d6 4. d4 Bg4 5. h3 Bh5 6. g4 Bg6 7. d5 Nb8 8. Bd3
Nd7 9. c4 Nc5 10. Nc3 Nf6 11. Qe2 c6 12. Bc2 Be7 13. Bd2 a5 14. Rb1 O-O 15. h4
cxd5 16. cxd5 h5 17. g5 Nfd7 18. Rg1 a4 19. Nh2 Qb8 20. Qb5 Rc8 21. Nf1 Bd8 22.
a3 Ba5 23. Ng3 Nb6 24. Qe2 Nb3 25. Bxb3 axb3 26. Nxh5 Bxc3 27. Bxc3 Ra4 28. Ng3
Nxd5 29. h5 Nf4 30. Qb5 Rxe4+ 31. Nxe4 Bxe4 32. Rd1 d5 33. g6 fxg6 34. Rxg6
Nxg6 35. hxg6 Qd6 36. Qxb7 Rf8 37. Bb4 Qxg6 38. Bxf8 Qg1+ 39. Ke2 Bf3+ 40. Kxf3
Qxd1+ 41. Kg2 Qg4+ 42. Kf1 Qc4+ 43. Kg1 Kxf8 44. Qb8+ Kf7 45. Qxe5 d4 46. Qf4+
Kg8 47. Qb8+ Kh7 48. Qh2+ Kg6 49. Qg3+ Kf5 50. Qf3+ Ke5 51. Qg3+ Kf6 52. Qf4+
Kg6 53. Qg3+ Kf7 54. Qf4+ Ke6 55. Qe4+ Kf6 56. Qf4+ Kg6 57. Qg3+ Kf7 58. Qf4+
Ke6 59. Qe4+ 1/2-1/2

[Event "Excelsior March Rapid"]
[Site "Toronto CAN"]
[Date "2023.03.18"]
[Round "5.2"]
[White "Ibarra Chami, Luis Fernando"]
[Black "Plotkin, Mark"]
[Result "1-0"]
[WhiteElo "2560"]
[BlackElo "2488"]
[PlyCount "66"]
[EventDate "2023.03.18"]
[EventType "swiss (rapid)"]
[EventRounds "5"]
[EventCountry "CAN"]

1. e4 e5 2. Nf3 Nc6 3. Bc4 d6 4. c3 g6 5. d4 Bg4 6. Qb3 Qd7 7. Ng5 Nh6 8. h3
Na5 9. Bxf7+ Nxf7 10. Qxf7+ Qxf7 11. Nxf7 Kxf7 12. hxg4 exd4 13. cxd4 Bg7 14.
d5 Nc4 15. Nd2 Na3 16. Kd1 c6 17. Rh3 Nb5 18. Rb3 Rab8 19. Nf3 h6 20. Be3 a5
21. a4 Nc7 22. Ba7 Rbe8 23. Rxb7 Re7 24. dxc6 Na6 25. Rc1 Bxb2 26. Rxb2 Rxa7
27. Rb7+ Rxb7 28. cxb7 Rb8 29. Rc6 Nc5 30. Rxd6 Rxb7 31. Ne5+ Ke7 32. Rxg6 Rb2
33. f3 Nxa4 1-0

[Event "Excelsior March GM Norm"]
[Site "Toronto CAN"]
[Date "2023.03.13"]
[Round "1.4"]
[White "Plotkin, Mark"]
[Black "Dukic, Zachary"]
[Result "0-1"]
[WhiteElo "2365"]
[BlackElo "2238"]
[PlyCount "92"]
[EventDate "2023.03.13"]
[EventType "tourn"]
[EventRounds "9"]
[EventCountry "CAN"]

1. c4 c5 2. g3 g6 3. Bg2 Bg7 4. Nc3 Nc6 5. Nf3 d6 6. d3 Rb8 7. Qd2 a6 8. b3 b5
9. Bb2 Nf6 10. Nd5 e5 11. Ng5 Bb7 12. f4 O-O 13. O-O Nxd5 14. Bxd5 Nd4 15. Bxb7
Rxb7 16. e3 Nc6 17. Qg2 d5 18. cxd5 Nb4 19. d6 Rb6 20. Bxe5 Nxd3 21. Bxg7 Kxg7
22. Rad1 Rxd6 23. Ne4 Rd5 24. Nc3 Rd7 25. f5 f6 26. e4 Ne5 27. Nd5 g5 28. Qf2
c4 29. bxc4 bxc4 30. Qc5 Qc8 31. Qb6 Rb7 32. Qd6 Rd7 33. Qb4 Rb7 34. Qc3 Qc5+
35. Kh1 Rd8 36. Nf4 Rxd1 37. Ne6+ Kh6 38. Nxc5 Rxf1+ 39. Kg2 Rbb1 40. Qa5 Ng4
41. Qd8 Rg1+ 42. Kf3 Nxh2+ 43. Ke3 Ng4+ 44. Ke2 Rb2+ 45. Kf3 Ne5+ 46. Ke3 Re1+
0-1

[Event "Excelsior March GM Norm"]
[Site "Toronto CAN"]
[Date "2023.03.13"]
[Round "2.3"]
[White "Ivanov, Mike"]
[Black "Plotkin, Mark"]
[Result "0-1"]
[WhiteElo "2299"]
[BlackElo "2365"]
[PlyCount "104"]
[EventDate "2023.03.13"]
[EventType "tourn"]
[EventRounds "9"]
[EventCountry "CAN"]

1. e4 c5 2. Nf3 Nc6 3. Bb5 e5 4. O-O Bd6 5. b4 cxb4 6. a3 bxa3 7. d4 exd4 8. c3
Nge7 9. cxd4 O-O 10. Nxa3 a6 11. Bd3 Bb8 12. d5 Ne5 13. Nxe5 Bxe5 14. Ra2 d6
15. Nc4 Ng6 16. f4 Bd4+ 17. Kh1 b5 18. Na5 Bd7 19. Bb1 Qb6 20. Nc6 Bxc6 21.
dxc6 Rac8 22. f5 Ne5 23. f6 gxf6 24. Ra3 Rxc6 25. Rg3+ Ng6 26. Ba2 Rfc8 27. Bd2
Rc5 28. Qg4 Re8 29. Qd7 Rf8 30. Bh6 Qc7 31. Bxf7+ Kh8 32. Qxc7 Rxc7 33. Bxg6
Rg8 34. Bf5 Rxg3 35. hxg3 a5 36. Rd1 Be5 37. Bf4 b4 38. Bxe5 dxe5 39. Rd8+ Kg7
40. Rd7+ Rxd7 41. Bxd7 Kf8 42. Ba4 Ke7 43. Kg1 Kd6 44. Kf2 Kc5 45. Ke3 Kc4 46.
Kd2 b3 47. Kc1 Kb4 48. Bc6 a4 49. Kb1 a3 50. Bd7 Kc3 51. Ba4 a2+ 52. Ka1 Kb4
0-1

[Event "Excelsior March GM Norm"]
[Site "Toronto CAN"]
[Date "2023.03.14"]
[Round "3.3"]
[White "Plotkin, Mark"]
[Black "Nagy, Gabor"]
[Result "1/2-1/2"]
[WhiteElo "2365"]
[BlackElo "2497"]
[PlyCount "84"]
[EventDate "2023.03.13"]
[EventType "tourn"]
[EventRounds "9"]
[EventCountry "CAN"]

1. e4 e5 2. Nf3 d6 3. d4 exd4 4. Nxd4 Nf6 5. Nc3 Be7 6. Bf4 O-O 7. Qe2 Nc6 8.
O-O-O Nxd4 9. Rxd4 Be6 10. e5 Nd7 11. exd6 cxd6 12. Qd2 Bf6 13. Rxd6 Qa5 14. a3
Nc5 15. Ne4 Qxd2+ 16. Nxd2 Rac8 17. f3 Bf5 18. c3 a6 19. g4 Bg6 20. h4 Rfe8 21.
Bg3 h5 22. gxh5 Bxh5 23. Bh3 Rcd8 24. Bf5 b5 25. Kc2 Re2 26. Rxd8+ Bxd8 27. Re1
Bxf3 28. Rxe2 Bxe2 29. b4 Ne6 30. Bd3 Bg4 31. a4 bxa4 32. Bxa6 g5 33. hxg5 Bxg5
34. Ne4 Be7 35. Bd6 Kf8 36. Kb2 Bxd6 37. Nxd6 Ke7 38. Ne4 Nc7 39. Bf1 Nd5 40.
b5 f5 41. Nf2 Kd6 42. Ka3 Ke5 1/2-1/2

[Event "Excelsior March GM Norm"]
[Site "Toronto CAN"]
[Date "2023.03.14"]
[Round "4.4"]
[White "Mikhalevski, Victor"]
[Black "Plotkin, Mark"]
[Result "1-0"]
[WhiteElo "2519"]
[BlackElo "2365"]
[PlyCount "103"]
[EventDate "2023.03.13"]
[EventType "tourn"]
[EventRounds "9"]
[EventCountry "CAN"]

1. Nf3 d5 2. g3 Nf6 3. Bg2 e6 4. O-O Be7 5. c4 c6 6. b3 O-O 7. Bb2 a5 8. Nc3
Nbd7 9. Qc2 Nc5 10. d4 Nce4 11. Ne5 Nxc3 12. Bxc3 Bd7 13. Rfd1 b5 14. e4 b4 15.
Bd2 Nxe4 16. Bxe4 dxe4 17. Qxe4 Qc8 18. c5 Qb7 19. a3 bxa3 20. Rxa3 Be8 21. Nc4
f5 22. Qe2 Bf6 23. Nd6 Qd7 24. Bf4 Bf7 25. Be5 Bxe5 26. dxe5 f4 27. Rda1 Bg6
28. b4 a4 29. Rxa4 Rxa4 30. Rxa4 Qe7 31. Qa2 Qg5 32. Qxe6+ Kh8 33. Qf7 Qd8 34.
Qa2 h5 35. h4 fxg3 36. fxg3 Qe7 37. Ra8 Rxa8 38. Qxa8+ Kh7 39. Qa1 Qe6 40. Qe1
Kh8 41. Kf1 Kh7 42. Kf2 Kh8 43. Kg1 Kh7 44. Ne4 Kg8 45. Ng5 Qd5 46. e6 Qd4+ 47.
Qf2 Qe5 48. Kh2 Be8 49. Qd2 Qf5 50. Qe2 Qb1 51. e7 Qxb4 52. Qf2 1-0

[Event "Excelsior March GM Norm"]
[Site "Toronto CAN"]
[Date "2023.03.15"]
[Round "5.1"]
[White "Plotkin, Mark"]
[Black "Noritsyn, Nikolay"]
[Result "0-1"]
[WhiteElo "2365"]
[BlackElo "2460"]
[PlyCount "60"]
[EventDate "2023.03.13"]
[EventType "tourn"]
[EventRounds "9"]
[EventCountry "CAN"]

1. e4 c5 2. c3 d5 3. exd5 Nf6 4. Nf3 Nxd5 5. d4 cxd4 6. Bc4 e6 7. cxd4 Be7 8.
O-O O-O 9. Nc3 Nxc3 10. bxc3 Qc7 11. Qd3 Nd7 12. Re1 Rd8 13. h4 b6 14. Ng5 Nf6
15. Bb3 a5 16. Bc2 Ba6 17. Qh3 Bc4 18. Re5 Rac8 19. Bd2 b5 20. Rae1 b4 21. R1e3
Bd6 22. Nf3 Bxa2 23. Bc1 Qb7 24. Bb2 Bd5 25. h5 h6 26. g4 Bxf3 27. Rxf3 Bxe5
28. dxe5 Ne4 29. Rxf7 Qxf7 30. Bxe4 Rd2 0-1

[Event "Excelsior March GM Norm"]
[Site "Toronto CAN"]
[Date "2023.03.15"]
[Round "6.4"]
[White "Ibarra Chami, Luis Fernando"]
[Black "Plotkin, Mark"]
[Result "0-1"]
[WhiteElo "2447"]
[BlackElo "2365"]
[PlyCount "134"]
[EventDate "2023.03.13"]
[EventType "tourn"]
[EventRounds "9"]
[EventCountry "CAN"]

1. c4 Nf6 2. Nf3 g6 3. g3 Bg7 4. Bg2 O-O 5. O-O d6 6. d4 Nc6 7. d5 Na5 8. Na3
c5 9. Re1 a6 10. e4 e5 11. Bd2 b6 12. Rb1 Bd7 13. Bf1 Qc7 14. Qe2 Rab8 15. Rec1
h6 16. Nh4 Kh7 17. Qf3 Ng8 18. Bd3 h5 19. Nc2 Bh6 20. Ne3 Qd8 21. Qe2 Nb7 22.
Nhg2 Qe7 23. Rf1 Nf6 24. a3 a5 25. b3 Bh3 26. Rb2 Ra8 27. Rfb1 Ra7 28. Rf1 Nd8
29. Qd1 Ng4 30. Nxg4 Bxg4 31. f3 Bxd2 32. Rxd2 Bd7 33. f4 exf4 34. gxf4 a4 35.
b4 cxb4 36. axb4 a3 37. Ra2 h4 38. Qe1 h3 39. Qh4+ Qxh4 40. Nxh4 Nb7 41. Nf3
Rc8 42. Kf2 b5 43. cxb5 Rc3 44. Be2 Rb3 45. Rc1 Rxb4 46. Rc3 Nc5 47. Rcxa3
Nxe4+ 48. Ke3 Rxa3+ 49. Rxa3 Nf6 50. Ra7 Nxd5+ 51. Kf2 Nf6 52. f5 gxf5 53. Bd3
Kg7 54. Ra6 Ng4+ 55. Kg3 Ne5 56. Rxd6 f4+ 57. Kf2 Rb2+ 58. Be2 Bxb5 59. Rd2
Rxd2 60. Nxd2 Bxe2 61. Kxe2 Kg6 62. Nf3 Nxf3 63. Kxf3 Kf5 64. Kf2 Ke4 65. Ke2
Kd4 66. Kf3 Kd3 67. Kxf4 Ke2 0-1

[Event "Excelsior March GM Norm"]
[Site "Toronto CAN"]
[Date "2023.03.16"]
[Round "7.2"]
[White "Plotkin, Mark"]
[Black "Posthuma, Joshua"]
[Result "0-1"]
[WhiteElo "2365"]
[BlackElo "2441"]
[PlyCount "52"]
[EventDate "2023.03.13"]
[EventType "tourn"]
[EventRounds "9"]
[EventCountry "CAN"]

1. e4 c6 2. Nf3 d5 3. d3 Qc7 4. Nc3 dxe4 5. dxe4 e5 6. Bc4 h6 7. O-O Nf6 8. a4
a5 9. Nh4 Na6 10. Be3 Nc5 11. Qf3 Ne6 12. Rad1 Ng5 13. Bxg5 hxg5 14. Nf5 g4 15.
Qe3 g6 16. Qg5 Nd7 17. Nh4 Rh7 18. Nxg6 Rg7 19. Bxf7+ Kxf7 20. Qf5+ Kg8 21. Rd3
Bc5 22. Qh5 Nf8 23. Nxe5 Be7 24. Nc4 Be6 25. Qe5 Qxe5 26. Nxe5 Bf6 0-1

[Event "Excelsior March GM Norm"]
[Site "Toronto CAN"]
[Date "2023.03.17"]
[Round "9.1"]
[White "Sambuev, Bator"]
[Black "Plotkin, Mark"]
[Result "1/2-1/2"]
[WhiteElo "2434"]
[BlackElo "2365"]
[PlyCount "73"]
[EventDate "2023.03.13"]
[EventType "tourn"]
[EventRounds "9"]
[EventCountry "CAN"]

1. Nf3 c5 2. c4 Nc6 3. Nc3 d6 4. d4 cxd4 5. Nxd4 e5 6. Nxc6 bxc6 7. g3 Nf6 8.
Bg2 Bd7 9. O-O h6 10. b3 Rb8 11. Ba3 c5 12. f4 exf4 13. Rxf4 Be7 14. Qd3 O-O
15. Raf1 Ng4 16. Nd5 Bg5 17. Bb2 Qa5 18. Ne7+ Bxe7 19. Bd5 Ne5 20. Bxe5 dxe5
21. Rxf7 Kh8 22. Rxe7 Bh3 23. Rd1 Rf6 24. a4 Qb6 25. Be4 Rbf8 26. Bf3 e4 27.
Qxe4 Qxb3 28. Rc1 Qb2 29. Rf1 Qd2 30. Re8 Bxf1 31. Qe7 Kg8 32. Rxf8+ Rxf8 33.
Kxf1 Qc1+ 34. Kg2 Qxc4 35. Qxa7 Re8 36. Qd7 Rxe2+ 37. Bxe2 1/2-1/2

[Event "Las Vegas USA, 32nd North American Open"]
[Site "Las Vegas USA"]
[Date "2022.12.26"]
[Round "1"]
[White "Wongso, Steve"]
[Black "Plotkin, Mark"]
[Result "1/2-1/2"]
[WhiteElo "1921"]
[BlackElo "2369"]
[PlyCount "115"]
[EventDate "2022.12.26"]
[EventType "swiss"]
[EventRounds "9"]
[EventCountry "USA"]
[Source "ChessMix "]
[SourceDate "2023.01.10"]

1. e4 e5 2. Nf3 Nc6 3. Bb5 g6 4. c3 Bg7 5. d4 Nge7 6. O-O a6 7. Ba4 b5 8. Bc2
exd4 9. cxd4 d5 10. Nc3 O-O 11. exd5 Nb4 12. Be4 Nbxd5 13. Bg5 f6 14. Bh4 Be6
15. Re1 Qd7 16. Rc1 c6 17. Bb1 Nxc3 18. Rxc3 Nd5 19. Rc5 Rfe8 20. Be4 Rac8 21.
a3 Bf8 22. Rc1 Qf7 23. Bg3 Ne7 24. Bd6 Bd5 25. Bxe7 Bxe7 26. Bxd5 Qxd5 27. Re3
Bd6 28. Qe2 Rxe3 29. Qxe3 a5 30. Nd2 Kg7 31. Qe4 Rc7 32. Qxd5 cxd5 33. Rxc7+
Bxc7 34. Kf1 Bb6 35. Nb3 Kf7 36. Ke2 Ke6 37. Kd3 Kd6 38. Nd2 a4 39. Nb1 Kc6 40.
Nc3 Bc7 41. g3 h5 42. Ke3 g5 43. h3 f5 44. f4 Bd8 45. Ne2 Be7 46. Nc3 Bf6 47.
Kd3 Bd8 48. Ne2 Bf6 49. fxg5 Bxg5 50. h4 Bh6 51. Nf4 Bxf4 52. gxf4 b4 53. axb4
Kb6 54. Kc2 Ka6 55. Kd3 Kb6 56. Kc2 Kc6 57. Kd3 Kb6 58. Kc2 1/2-1/2

[Event "Las Vegas USA, 32nd North American Open"]
[Site "Las Vegas USA"]
[Date "2022.12.26"]
[Round "2"]
[White "Plotkin, Mark"]
[Black "Xu, Eddie"]
[Result "1-0"]
[WhiteElo "2369"]
[BlackElo "1945"]
[PlyCount "55"]
[EventDate "2022.12.26"]
[EventType "swiss"]
[EventRounds "9"]
[EventCountry "USA"]
[Source "ChessMix "]
[SourceDate "2023.01.10"]

1. e4 e5 2. Nf3 Nc6 3. Nc3 Nf6 4. a3 d5 5. Bb5 d4 6. Ne2 Bd6 7. Ng3 h5 8. d3 h4
9. Nf5 Bxf5 10. exf5 Qd7 11. Qe2 O-O-O 12. Ng5 Rde8 13. Qf3 e4 14. dxe4 h3 15.
g3 a6 16. Ba4 b5 17. Bb3 Ne5 18. Qe2 Nxe4 19. Nxe4 Qxf5 20. Bf4 d3 21. cxd3
Nxd3+ 22. Qxd3 Rxe4+ 23. Be3 Qf3 24. Rf1 Bxg3 25. hxg3 h2 26. Kd2 Rd8 27. Bd5
c6 28. Rac1 1-0